LEADER 01956oam 2200505 450 001 9910705870403321 005 20170725093008.0 035 $a(CKB)5470000002453711 035 $a(OCoLC)891581389$z(OCoLC)819641000 035 $a(OCoLC)995470000002453711 035 $a(EXLCZ)995470000002453711 100 $a20140929d1969 ua 0 101 0 $aeng 135 $aurmn||||||||| 181 $ctxt$2rdacontent 182 $cc$2rdamedia 183 $acr$2rdacarrier 200 10$aGeology and coal resources of the Cumberland, Hobart, and Maple Valley quadrangles, King County, Washington /$fby James D. Vine; prepared in cooperation with the Washington Division of Mines and Geology 210 1$aWashington :$cUnited States Department of the Interior, Geological Survey,$d1969. 215 $a1 online resource (iv, 67 pages) $cillustrations, maps +$e4 plates 225 1 $aGeological Survey professional paper ;$v624 300 $aTitle from title screen (viewed September 24, 2014). 320 $aIncludes bibliographical references (pages 61-63) and index. 606 $aGeology$zWashington (State)$zKing County 606 $aMines and mineral resources$zWashington (State)$zKing County 606 $aGeology$2fast 606 $aMines and mineral resources$2fast 607 $aWashington (State)$zKing County$2fast 615 0$aGeology 615 0$aMines and mineral resources 615 7$aGeology. 615 7$aMines and mineral resources. 700 $aVine$b James David$f1921-$01387859 712 02$aGeological Survey (U.S.), 712 02$aWashington (State).$bDivision of Mines and Geology. 801 0$bCOP 801 1$bCOP 801 2$bOCLCO 801 2$bNTE 801 2$bOCLCF 801 2$bGPO 906 $aBOOK 912 $a9910705870403321 996 $aGeology and coal resources of the Cumberland, Hobart, and Maple Valley quadrangles, King County, Washington$93450850 997 $aUNINA LEADER 04357oam 2200589 c 450 001 9910915738403321 005 20231110215846.0 010 $a3-8467-7058-2 024 3 $a9783846770580 035 $a(CKB)4100000011979588 035 $a(MiAaPQ)EBC6676507 035 $a(Au-PeEL)EBL6676507 035 $a(OCoLC)1260343301 035 $a(Brill | Fink)9783846770580 035 $a(EXLCZ)994100000011979588 100 $a20220221d2021 uy 0 101 0 $ager 135 $aurcnu|||||||| 181 $ctxt$2rdacontent 182 $cc$2rdamedia 183 $acr$2rdacarrier 200 00$aEuropa?ische Avantgarden um 1900$eKontakt - Transfer - Transformation$fJurij Lileev, Yvonne Po?rzgen, Mario Zanucchi 205 $a1st ed. 210 $aPaderborn$cBrill | Fink$d2021 215 $a1 online resource (325 pages) 225 0 $aSchriftenreihe des Instituts fu?r russisch-deutsche Literatur- & Kulturbeziehungen an der RGGU Moskau$v23 311 $a3-7705-7058-8 327 $aIntro -- Inhalt -- Vorwort -- Jurij Lileev, Yvonne Po?rzgen, Mario Zanucchi: Einleitung -- Teil I Dialogizita?t der literarischen Avantgarden -- 1. Dieter Martin: "Kosmopolitisch-germanisch". Berliner Naturalismus zwischen nationaler Tradition und europa?ischer Avantgarde -- 2. Yvonne Po?rzgen: Rausch und Ekstase in europa?ischen Avantgarden -- 3. Mario Zanucchi: Futurismus im Expressionismus. Zu den expressionistischen U?bersetzungen italienischer und franzo?sischen Futuristen: eine Bestandsaufnahme -- 4. Gu?nter Berghaus: Marinetti's "Futurisme mondial". Propaganda and Reality -- 5. Jurij Lileev: Das Petersburg-Narrativ und die A?sthetik der russischen Avantgarde -- 6. Larissa Cybenko: Avantgardistische Theaterreform. Les' Kurbas als Vermittler im Kulturtransfer zwischen dem deutschsprachigen Raum und der Ukraine -- 7. Aleksej Z?erebin: Russischer Freudomarxismus im Diskursfeld der historischen Avantgarde -- Teil II Avantgardistische Transferprozesse in Malerei, Skulptur und Ballett -- 8. Elena Korowin: Zwischen Avantgarde und Kitsch: L'art pour l'art in der bildenden Kunst -- 9. Tanja Zimmermann: An der Schwelle zwischen Avantgarde und konservativer A?sthetik. Der Umbruch in der Rezeption der ,naiven' Malerei -- 10. Melanie Dannhorn: Identita?t und Kommunikation europa?ischer Avantgarden: Vasilij Kandinskij als Galionsfigur des Sturmkreises -- 11. Johanna Hu?gel: Markov liest Frobenius. Eine Begegnung zwischen Ethnographie und Kunst -- 12. Theodora Billich-Soroceanu: Die Ballets Russes und die Tanzavantgarden um 1900: Zur medialen Repra?sentation von Anna Pawlowa, Ida Rubinstein und Vaslav Nijinsky im Kontext der Ko?rpera?sthetik des freien Tanzes -- Verzeichnis der Beitra?gerinnen und Beitra?ger -- Namensregister -- Publikationsreihe. 330 $aDer Band rekonstruiert anhand von Fallstudien das wirkungsgeschichtlich hochkomplexe Gefu?ge von Kontakten, Transfer- und Transformationsprozessen zwischen den europa?ischen Avantgarden in Literatur und bildender Kunst. Die gesamteuropa?ische Dimension der Avantgarde-Bewegung des fru?hen 20. Jahrhunderts la?sst sich aus dem engen Blickwinkel der Nationalphilologien nicht ada?quat nachvollziehen und verlangt nach einer internationalen Untersuchungsperspektive. Der Band legt den Fokus auf die Austauschbeziehungen zwischen franzo?sischer, deutscher, russischer, italienischer und ukrainischer Avantgarde und versteht sich als ein Beitrag zur Erforschung der Internationalita?t der avantgardistischen Stro?mungen in Literatur und bildender Kunst. 410 0$aSchriftenreihe des Instituts Fu?r Russisch-Deutsche Literatur- and Kulturbeziehungen an der RGGU Moskau 606 $aKulturpolitik 606 $aNetzwerke 606 $aKulturelle Identita?t 606 $aCultural Policy 606 $aNetworks 606 $aCultural Identity 615 4$aKulturpolitik 615 4$aNetzwerke 615 4$aKulturelle Identita?t 615 4$aCultural Policy 615 4$aNetworks 615 4$aCultural Identity 702 $aLileev$b Jurij$4edt 702 $aPo?rzgen$b Yvonne$4edt 702 $aZanucchi$b Mario$4edt 801 0$bMiAaPQ 801 1$bMiAaPQ 801 2$bMiAaPQ 906 $aBOOK 912 $a9910915738403321 996 $aEuropa?ische Avantgarden um 1900$94302628 997 $aUNINA